LIBRARY & INFORMATION CENTRE, KCAET, TAVANUR

ONLINE PUBLIC ACCESS CATALOGUE (OPAC)

Nature and properties of soils / (Record no. 1722)

MARC details
000 -LEADER
fixed length control field 00396cam a2200169ua 4500
020 ## - INTERNATIONAL STANDARD BOOK NUMBER
ISBN 9788131788172
082 ## - DEWEY DECIMAL CLASSIFICATION NUMBER
Classification number 631.4
Item number BRA/NA
100 ## - MAIN ENTRY--AUTHOR NAME
Personal name Brady, Nylec .
245 ## - TITLE STATEMENT
Title Nature and properties of soils /
250 ## - EDITION STATEMENT
Edition statement 12 / 14
260 ## - PUBLICATION, DISTRIBUTION, ETC. (IMPRINT)
Place of publication New Delhi :
Name of publisher Prentice Hall Inc ,
Year of publication 1996.
260 ## - PUBLICATION, DISTRIBUTION, ETC. (IMPRINT)
Name of publisher Pearson
300 ## - PHYSICAL DESCRIPTION
Number of Pages 883 ; .
300 ## - PHYSICAL DESCRIPTION
Number of Pages 975p
700 1# - ADDED ENTRY--PERSONAL NAME
Personal name Well, Ray R .
942 ## - ADDED ENTRY ELEMENTS (KOHA)
Koha item type Books
Holdings
Withdrawn status Lost status Damaged status Home library Current library Date acquired Full call number Accession Number Koha item type Collection code Shelving location Source of acquisition
      KAUAET KAUAET 07/04/2012 631.4 20748 Book Bank scheme for SC students      
      KAUAET KAUAET 07/04/2012 631.4 20762 Book Bank scheme for SC students Non-fiction Scheme  
      KAUAET KAUAET 30/03/2013 631.4 BRA/NA 24087 Books   General Stacks Aman Book Stall, Calicut
      KAUAET KAUAET 23/02/2024 631.4 BRA/NA 20663 Books      
free website counter